MARC details
| 001 - CONTROL NUMBER |
| control field |
23763636 |
| 003 - CONTROL NUMBER IDENTIFIER |
| control field |
0199120 |
| 005 - DATE AND TIME OF LATEST TRANSACTION |
| control field |
20251011143952.0 |
| 008 - FIXED-LENGTH DATA ELEMENTS--GENERAL INFORMATION |
| fixed length control field |
240705s2024 enk b 001 0 eng |
| 010 ## - LIBRARY OF CONGRESS CONTROL NUMBER |
| LC control number |
2024030958 |
| 020 ## - INTERNATIONAL STANDARD BOOK NUMBER |
| International Standard Book Number |
9781032187631 |
| 020 ## - INTERNATIONAL STANDARD BOOK NUMBER |
| International Standard Book Number |
9781032187648 |
| 020 ## - INTERNATIONAL STANDARD BOOK NUMBER |
| Cancelled/invalid ISBN |
9781003256113 |
| 035 ## - SYSTEM CONTROL NUMBER |
| System control number |
23763636 |
| 040 ## - CATALOGING SOURCE |
| Original cataloging agency |
DLC |
| Language of cataloging |
eng |
| Description conventions |
rda |
| Transcribing agency |
DLC |
| Modifying agency |
DLC |
| 042 ## - AUTHENTICATION CODE |
| Authentication code |
pcc |
| 050 00 - LIBRARY OF CONGRESS CALL NUMBER |
| Classification number |
BL265.T4 |
| Item number |
S46 2025 |
| 082 00 - DEWEY DECIMAL CLASSIFICATION NUMBER |
| Classification number |
201/.66 |
| Edition number |
23/eng/20240710 |
| 100 1# - MAIN ENTRY--PERSONAL NAME |
| Personal name |
Singler, Beth, |
| Relator term |
author. |
| 245 10 - TITLE STATEMENT |
| Title |
Religion and Artificial Intelligence : |
| Remainder of title |
an introduction / |
| Statement of responsibility, etc |
Beth Singler. |
| 263 ## - PROJECTED PUBLICATION DATE |
| Projected publication date |
2409 |
| 264 #1 - PUBLICATION, DISTRIBUTION, ETC. (IMPRINT) |
| Place of publication, distribution, etc |
Abingdon, Oxon ; |
| -- |
New York, NY: |
| Name of publisher, distributor, etc |
Routledge, |
| Date of publication, distribution, etc |
2025. |
| 300 ## - PHYSICAL DESCRIPTION |
| Extent |
ix, 217p.: |
| 336 ## - CONTENT TYPE |
| Content type term |
text |
| Content type code |
txt |
| Source |
rdacontent |
| 337 ## - MEDIA TYPE |
| Media type term |
unmediated |
| Media type code |
n |
| Source |
rdamedia |
| 338 ## - CARRIER TYPE |
| Carrier type term |
volume |
| Carrier type code |
nc |
| Source |
rdacarrier |
| 490 0# - SERIES STATEMENT |
| Series statement |
Engaging with religion |
| 504 ## - BIBLIOGRAPHY, ETC. NOTE |
| Bibliography, etc |
Includes bibliographical references and index. |
| 520 ## - SUMMARY, ETC. |
| Summary, etc |
"Artificial Intelligence (AI) is rarely out of the news and the public's imagination. Images of red-eyed Terminators illustrate press accounts of incremental advances in medical diagnosis, facial recognition, natural language processing, and robotics. Such advances transform society through measurable impacts on people's decisions and opportunities. Religion and Artificial Intelligence: An Introduction explores an emerging field with a religious studies approach, drawing on cultural and digital anthropological methods, to demonstrate the entanglements of religion and AI, our imaginaries of these objects, and our ideas about their utopian or dystopian futures. It addresses key topics including: What AI is and is not How religions are reacting to AI with examples of rejection, adoption, and adaptation How established religions understand creation and place human-like AI within that How overtly secular and even 'New Atheist' groups understand AI as a tool for liberation from human evolution and religion Religious visions of superintelligent AI. This engaging book is essential for anyone considering the relationship between religion, science and technology, and interested in the questions raised by transhumanism, posthumanism, and new religious movements"-- |
| Assigning source |
Provided by publisher. |
| 650 #0 - SUBJECT ADDED ENTRY--TOPICAL TERM |
| Topical term or geographic name as entry element |
Technology |
| General subdivision |
Religious aspects. |
| 650 #0 - SUBJECT ADDED ENTRY--TOPICAL TERM |
| Topical term or geographic name as entry element |
Artificial intelligence |
| General subdivision |
Religious aspects. |
| 776 08 - ADDITIONAL PHYSICAL FORM ENTRY |
| Relationship information |
Online version: |
| Main entry heading |
Singler, Beth. |
| Title |
Religion and Artificial Intelligence |
| Place, publisher, and date of publication |
London ; New York, NY : Routledge, Taylor & Francis Group, 2025 |
| International Standard Book Number |
9781003256113 |
| Record control number |
(DLC) 2024030959 |
| 906 ## - LOCAL DATA ELEMENT F, LDF (RLIN) |
| a |
7 |
| b |
cbc |
| c |
orignew |
| d |
1 |
| e |
ecip |
| f |
20 |
| g |
y-gencatlg |
| 942 ## - ADDED ENTRY ELEMENTS (KOHA) |
| Source of classification or shelving scheme |
Library of Congress Classification |
| Koha item type |
Books |